Précis d' agriculture: à l' usage des écoles d' Agriculture ...

Gespeichert in:
Bibliographische Detailangaben
1. Verfasser: Seltensperger, Charles
Format: keine Angabe
Sprache:Französisch
Erschienen: Paris Bailliére et Fils 1919
Ausgabe:3e éd
Katalog:MANES:  Suchergebnis im Bibliothekskatalog
Schulbuchspezifische Eigenschaften:
Schriftenreihe:Encyclopédie agricole
Tags: Tag hinzufügen
Keine Tags, Fügen Sie den ersten Tag hinzu!
Hinzugefügt zu:26.04.2016
Geändert in:30.01.2026

MARC

LEADER 000000000a22000000004500
001 34347
003 OSt
005 20260130091335.0
008 160427s fr ||||| |||| 00| 0 fre d
040 |a manes  |c manes 
041 |a Francés 
100 1 |a Seltensperger, Charles  |9 19837 
245 0 0 |a Précis d' agriculture: à l' usage des écoles d' Agriculture ... 
250 |a 3e éd 
260 3 |a Paris  |b  Bailliére et Fils  |c 1919 
300 |a VIII, 538 p.  |c 19 cm 
440 |a Encyclopédie agricole  |9 19509 
500 |a Signatura Topográfica: 785. Enc. tela, cub. original. Procedente del Instituto-Escuela de Segunda Enseñanza de Madrid.  
690 |a ETP 
691 0 |a SE 
942 |2 ddc  |c BK 
546 |a España 
999 |c 41309  |d 41309 
999 |c manes:41309  |d 41309